000 01158nam a2200361 i 4500
001 52936
003 KOSZ 005
005 20220624124300.0
008 980811s1998 pl a f f |000 0 pol
015 _aPB 1998/10163
020 _a8301123648
040 _aWA N
_cWA N
_dKOSZ 005/HR
046 _k1997
080 _a338.1(438)(091)
080 _a(075.8)
100 1 _aSkodlarski, Janusz
_d(1947- )
_eAutor
245 1 0 _aZarys historii gospodarczej Polski do 1945 roku /
_cJanusz Skodlarski.
250 _a[Wyd. 3].
260 _aWarszawa ;
_aŁódź :
_bWydaw. Naukowe PWN,
_c1998.
300 _a353, [2] s. :
_bfaks., fot., mapy., portr., wykr. ;
_c21 cm.
380 _aKsiążki
388 _a1901-2000
388 _a1989-2000
504 _aBibliogr. przy rozdz.
650 7 _aHistoria gospodarcza
651 4 _aPolska
655 4 _aPodręczniki akademickie
658 _aGospodarka, ekonomia, finanse
658 _aHistoria
710 2 _aWydawnictwo Naukowe PWN
_4pbl.
856 _uhttp://koha.tu.koszalin.pl/cgi-bin/koha/opac-detail.pl?biblionumber=52936
_yKatalog online BPK
942 _2UKD
_cKS
999 _c52936
_d52936